Statistics for Güneş Sistemi’nin Gezegenleri

Click here to take the quiz!

General Stats

  • This quiz has been taken 4 864 times
  • The average score is 7 of 8

Answer Stats

Gezegen% Correct
Mars
99%
Dünya
98%
Jüpiter
94%
Neptün
93%
Satürn
92%
Uranüs
91%
Venüs
91%
Merkür
85%

Score Distribution

Percentile by Number Answered

Percent of People with Each Score

Your Score History

You have not taken this quiz